Przystanki Autobusowe na trasie PKS SŁUPSK - BUKÓWKA (linia 207) - Statystyki

Ogólne statystyki
  • Ten quiz został rozwiązany 4 razy
  • Średni wynik to 9 z 17
Statystyki odpowiedzi
Miejscowość Przystanek % Poprawnych
Bukówka Bukówka
100%
Grąsino Grąsino(wybrane kursy)
100%
Jezierzyce Jezierzyce 1
67%
Jezierzyce Osiedle
67%
(w stronę Słupska) Ratusz
67%
Siemianice Siemianice - Miejska
67%
Sienkiewicza
67%
Słupsk Węzeł Transportowy
67%
Jezierzyce - Elewatory
33%
Jezierzyce SHR
33%
Jezierzyce Jezierzyce - Stacja Kolejowa
33%
Kaszubska - Cmentarz
33%
Kilińskiego
33%
Osiedle Ryczewo/Bauera
33%
Owocowa
33%
Plac Dąbrowskiego
33%
Siemianice - Spacerowa
33%
Nie znaleziono quizów pasujących do podanych kryteriów
Rozkład punktacji
Procent ludzi z każdym wynikiem
Percentyl według liczby udzielonych odpowiedzi
Twoja historia wyników
Nie rozwiązałeś tego quizu